guess the country - Statistics

General Stats
  • This quiz has been taken 13 times
  • The average score is 8 of 15
Answer Stats
Hint Answer % Correct
lego Denmark
92%
biggest Country russia
92%
Oil! Oil! Oil! Usa
92%
old name is Burma Myanmar
75%
no speedlimit germany
67%
spain´s ass? portugal
67%
Stalin Georgia
42%
og Youtube tutorial India
42%
dutch east indies indonesia
42%
Money Money Money Switzerland
42%
Land of White Flags France
33%
austria- hungary
33%
thanksgiving Turkey
33%
AK 47 Mozambique
17%
Order of malta
8%
No matching quizzes found
Score Distribution
Percent of People with Each Score
Percentile by Number Answered
Your Score History
You have not taken this quiz